Trabajos forzados : (Registro nro. 35453)

Detalles MARC
000 -CABECERA
Longitud fija campo de control 00704nam a2200229 c 4500
003 - • IDENTIFICADOR DELl NÚMERO DE CONTROL
Identificador del número de control CO-ViMGA
005 - • FECHA Y HORA DE LA ÚLTIMA TRANSACCIÓN
Fecha y hora de la última transacción 20230915233130.0
008 - • CÓDIGOS DE INFORMACIÓN DE LONGITUD FIJA
Códigos de información de longitud fija 111201s2011 sp | |||| 000 0 spa
020 ## - • NÚMERO INTERNACIONAL NORMALIZADO PARA LIBROS
Número Internacional Normalizado para Libros (ISBN) 9788415130178
040 ## - FUENTE DE LA CATALOGACIÓN
Centro catalogador de origen CO-ViMGA
Lengua de catalogación spa
Centro transcriptor CO-ViMGA
041 1# - • CÓDIGO DE LENGUA
Código de lengua original ita
082 04 - • NÚMERO DE LA CLASIFICACIÓN DECIMAL DEWEY
Número de clasificación (R) 920
Número del ítem G15t
100 1# - • PUNTO DE ACCESO PRINCIPAL-NOMBRE DE PERSONA
Nombre de persona Galateria, Daria
Fechas asociadas al nombre 1950-
240 10 - • TÍTULO UNIFORME
Título uniforme <a href="Mestieri di scrittori">Mestieri di scrittori</a>
245 10 - • TITULO PROPIAMENTE DICHO
Título Trabajos forzados :
Resto del título los otros oficios de los escritores
Mención de responsabilidad, etc. Daria Galateria ; traduccin̤ del italiano a cargo de Fľix Romeo
250 ## - • MENCI&Oacute;N DE EDICI&Oacute;N
Mención de edición 1® ed. en Impedimenta
300 ## - • DESCRIPCI&Oacute;N F&Iacute;SICA
Extensión 198 p.
Dimensiones 20 cm
650 17 - • PUNTO DE ACCESO ADICIONAL DE MATERIA - T&Eacute;RMINO DE MATERIA
Término de materia o nombre geográfico como elemento inicial Escritores
Fuente del encabezamiento o término embne
942 ## - ENTRADA DE ELEMENTOS AGREGADOS (KOHA)
Fuente de clasificaión o esquema Dewey Decimal Classification
Koha [por defecto] tipo de item LIbro
Existencias
Perdido Fuente de clasificaci&oacute;n o esquema Estado Físico No para pr&eacute;stamo Forma de adquisición Localizaci&oacute;n permanente Localizaci&oacute;n actual Fecha adquisici&oacute;n Pr&eacute;stamos totales Signatura completa C&oacute;digo de barras Fecha &uacute;ltima consulta Fecha &uacute;ltimo pr&eacute;stamo N&uacute;mero de copia Fecha del precio de reemplazo Tipo de item de Koha
  Dewey Decimal Classification     Sala General Segundo Piso Biblioteca Pública Germán Arciniegas - Villavicencio Biblioteca Pública Germán Arciniegas - Villavicencio 04/27/2016 2 920 G15t 29979 10/27/2022 10/20/2022 Ej. 1 04/27/2016 LIbro









Instituto Departamental de Cultura del Meta - Red Departamental de Bibliotecas Públicas del Meta.